| 000 | 00598nam a22001457a 4500 | ||
|---|---|---|---|
| 020 | _a978-0-143-42874-9 | ||
| 082 |
_a823 _bBON/T |
||
| 100 | _aBOND, RUSKIN | ||
| 245 | _aTHE TREE LOVER | ||
| 260 |
_aGURGAON _bPUFFIN BOOKS _c2017 |
||
| 300 | _a32 | ||
| 520 | _aIn this book Rusty tells the story of his grandfather's relationship with trees. Of how his grandfather made him plant cuttings and saplings in the forest, saying that they were planting for the jungle and for the birds and animals who lived in it and needed more food and shelter. | ||
| 650 |
_aCHILDRENS STORY BOOK _zINDIA |
||
| 942 | _cBK | ||
| 999 |
_c2767 _d2767 |
||